Normal view MARC view

Entry Personal Name

Number of records used in: 39

001 - CONTROL NUMBER

  • control field: 21271

003 - CONTROL NUMBER IDENTIFIER

  • control field: dpl

005 - DATE AND TIME OF LATEST TRANSACTION

  • control field: 20100923123013.0

008 - FIXED-LENGTH DATA ELEMENTS

  • fixed length control field: 100923|||a|||||| | ||| d

040 ## - CATALOGING SOURCE

  • Original cataloging agency: dpl
  • Transcribing agency: dpl

100 ## - HEADING--PERSONAL NAME

  • Personal name: Varma,A.

670 ## - SOURCE DATA FOUND

  • Source citation: Work cat.: (dpl): Varma,A., A royal fling Hardly Royal /, 2010

670 ## - SOURCE DATA FOUND

  • Source citation: Work cat.: (dpl): Varma,A., A royal fling Hardly Royal /, 2010

© Delhi Public Library
Hit Counter
free hit counter